000 00374nam a2200145Ia 4500
005 20251222144643.0
008 251222s9999||||xx |||||||||||||| ||spa||
020 _a84-362-1940-6
082 _a477/M26
100 _aMariner Bigorra, SebastiƔn
245 0 _aLengua Latina I
250 _a3a.ed.
264 _bUniversidad Nacional de Educación a Distancia
942 _cLIB
999 _c16772
_d16772